Whitehead v historickom kontexte - procesuálna filozofia a pragmatizmus
Systém procesuálnej filozofie Alfreda Northa Whiteheada v rôznych oblastiach, ako sú environmentalistika, biológia, fyzika, vzdelávanie, teológia. Historické zaradenie Whiteheada. Základné charakteristiky procesuálnej filozofie. Rozdiely medzi tradičnou a procesuálnou filozofiou. Procesuálna filozof...
Saved in:
| Main Author: | |
|---|---|
| Format: | Book Chapter |
| Language: | Slovak |
| Subjects: | |
| Tags: |
No Tags, Be the first to tag this record!
|
MARC
| LEADER | 00000naa a2200000 4500 | ||
|---|---|---|---|
| 001 | 0258896 | ||
| 005 | 20191011111502.9 | ||
| 041 | 0 | |a slo | |
| 044 | |a SK | ||
| 245 | 1 | 0 | |a Whitehead v historickom kontexte - procesuálna filozofia a pragmatizmus |c Štefan Zolcer |
| 520 | |a Systém procesuálnej filozofie Alfreda Northa Whiteheada v rôznych oblastiach, ako sú environmentalistika, biológia, fyzika, vzdelávanie, teológia. Historické zaradenie Whiteheada. Základné charakteristiky procesuálnej filozofie. Rozdiely medzi tradičnou a procesuálnou filozofiou. Procesuálna filozofia a pragmatizmus. | ||
| 610 | 2 | 0 | |a filozofia |
| 610 | 2 | 0 | |a filozofi |
| 610 | 2 | 0 | |a čas |
| 610 | 2 | 0 | |a príroda |
| 610 | 2 | 0 | |a kreativita |
| 100 | 1 | |a Zolcer, Štefan | |